| 000 | 00872nam a2200241Ia 4500 | ||
|---|---|---|---|
| 001 | 3176 | ||
| 003 | GE_BSU | ||
| 008 | 181216s||||||||xx |||||||||||||| ||und|| | ||
| 020 | _a5774900142 | ||
| 040 | _cGE_BSU | ||
| 080 | _a33(075.8) | ||
| 100 | _aМорган Дж. Майкл | ||
| 245 | _aРукаводство по изучению учебника | ||
| 245 | _bС.Фишера,. Р.Дорнбуша, Р.Шмалензи Экономика . Study Guide to Accompnay Fisher, Dornbusch and Schmalensee Economics. | ||
| 245 | _cперевод с английского Н.Н. Шихирева,научный ред. Г. М. Куманин. | ||
| 260 | _aМосква | ||
| 260 | _bДело | ||
| 260 | _c1970 | ||
| 300 | _a512 с. 26 см | ||
| 541 | _h20 л. 10 т. | ||
| 653 | _aРукаводство по изучению учебника | ||
| 942 | _cBK | ||
| 999 |
_c37219 _d37219 |
||